Návrh malej vodnej elektrárne na rieke Hron

Gespeichert in:
Bibliographische Detailangaben
1. Verfasser: Petráš, Jozef, 1982- (Verfasst von)
Weitere Verfasser: Rumann, Ján, 1980- (Betreuung Doktorarbeit)
Format: Manuskript Buch
Sprache:Slowakisch
Veröffentlicht: Bratislava : STU v Bratislave SvF, 2011
Schlagworte:
Online-Zugang:VAIS
Tags: Tag hinzufügen
Keine Tags, Fügen Sie das erste Tag hinzu!

MARC

LEADER 00000ntm a22000003a 4500
001 stu229431
005 20150617230147.4
008 110708s2011----xo------------------slo-d
040 |a STU  |b slo 
041 0 |a slo 
044 |a xo 
100 1 |a Petráš, Jozef,  |d 1982-  |4 aut  |u V  |T SvF Stavebná fakulta  |X 21662  |U V  |Y 10  |7 A000021662 
242 0 0 |a Application of small hydro power plant  |y eng 
245 1 |a Návrh malej vodnej elektrárne na rieke Hron 
260 |a Bratislava :  |b STU v Bratislave SvF,  |c 2011 
650 7 |a krajinárstvo a krajinné plánovanie  |2 stusub 
650 7 |a Landscaping and Landscape Planning  |2 estusub 
650 7 |a application  |2 estusub 
650 7 |a návrh  |2 stusub 
650 7 |a vyhodnotenie  |2 stusub 
700 1 |a Rumann, Ján,  |d 1980-  |4 ths  |u V170  |U SvF Stavebná fakulta  |T SvF Katedra hydrotechniky  |X 38286  |U V170  |Y 17  |7 A000038286 
856 4 |a info a plný text  |u http://is.stuba.sk/zp/portal_zp.pl?podrobnosti=72521  |3 VAIS